000 00755nam a2200253Ia 4500
003 OSt
005 20220928113305.0
006 a|||||r|||| 00| 0
007 ta
008 220927b |||||||| |||| 00| 0 eng d
020 _a9789354550706
_cIndian Rupees 1650
024 _a146552
037 _bGift, 13/04/2022,
_cTextual
040 _aSDCL
_cSDCL
_beng
041 _2eng
_aeng
082 _aV45'P, R2
100 _aSaraswat Deepika
_9432235
245 0 _aBetween survival and status
_b the counter-hegemonic geopolitics of Iran
260 _aDelhi
_bMacmillan
_c2022
300 _avi,212p.
_ccm.
650 _aGift
_9391569
942 _hV45'P, R2
_cTEXL
_2CC
999 _c748796
_d748796